000 00684nam a2200289Ia 4500
005 20260324123900.0
008 008 260324s9999 xx 000 0 eng d
020 _a9780240815121
037 _aEBOOK
040 _aCRL
040 _beng
040 _cCRL
041 _2eng
041 _aeng
084 _qCRL
100 _aMira Rubin
_91164029
245 0 _aInteractive InDesign CS5
245 0 _bTake your Print Skills to the Web and Beyond
260 _bTaylor and Francis
260 _c2011
365 _a
365 _b360
856 _uhttp://www.taylorfrancis.com/books/9780240815121
942 _cEBOOK
999 _c1765909
_d1765909